[Event "St Petersburg Spring op"]
[Site "St Petersburg"]
[Date "2012.03.26"]
[Round "5"]
[White "Orlov, Vassily"]
[Black "Nedostup, Daniil"]
[Result "1/2-1/2"]
[WhiteElo "2441"]
[BlackElo "2154"]
[PlyCount "58"]
[EventDate "2012.03.22"]
[EventType "swiss"]
[EventRounds "9"]
[EventCountry "RUS"]
[SourceTitle "EXT 2013"]
[Source "ChessBase"]
[SourceDate "2012.11.22"]
[SourceVersion "1"]
[SourceVersionDate "2012.11.22"]
[SourceQuality "1"]

1. e4 e6 2. d4 d5 3. Nc3 Bb4 4. e5 c5 5. a3 Bxc3+ 6. bxc3 Qc7 7. h4 Ne7 8. h5 h6 9. Bd2 Bd7 10. Qg4 Nbc6 11. Qxg7 Rg8 12. Qxh6 cxd4 13. Qf6 dxc3 14. Bf4 Nd4 15. Bd3 Ba4 16. Rc1 0-0-0 17. Ne2 Nxc2+ 18. Bxc2 Bxc2 19. Rxc2 d4 20. Nxd4 Rxd4 21. Qxf7 Qc4 22. Be3 Rd7 23. Qf3 Nf5 24. Qe2 Rd3 25. h6 Qd5 26. h7 Rh8 27. Bd2 Kb8 28. Rxc3 Rxc3 29. Bxc3 Qxg2 1/2-1/2

[Event "St Petersburg Spring op"]
[Site "St Petersburg"]
[Date "2012.03.24"]
[Round "3"]
[White "Orlov, Vassily"]
[Black "Vakhania, David"]
[Result "1-0"]
[WhiteElo "2441"]
[BlackElo "1857"]
[PlyCount "67"]
[EventDate "2012.03.22"]
[EventType "swiss"]
[EventRounds "9"]
[EventCountry "RUS"]
[SourceTitle "EXT 2013"]
[Source "ChessBase"]
[SourceDate "2012.11.22"]
[SourceVersion "1"]
[SourceVersionDate "2012.11.22"]
[SourceQuality "1"]

1. e4 c6 2. d4 d5 3. exd5 cxd5 4. c4 Nf6 5. Nc3 Nc6 6. Bg5 dxc4 7. d5 Ne5 8. Qd4 h6 9. Qxe5 hxg5 10. Bxc4 a6 11. Bb3 g4 12. Nge2 Rh5 13. Qg3 g6 14. Rd1 Bg7 15. 0-0 Kf8 16. Nf4 Rh7 17. Bc2 Nh5 18. Nxh5 Rxh5 19. Rfe1 Bd7 20. d6 e6 21. Qxg4 Rg5 22. Qf3 Rc8 23. Be4 Kg8 24. Bxb7 Rb8 25. Bxa6 Bxc3 26. Qxc3 Bc8 27. Bxc8 Rxc8 28. Qe3 Rcc5 29. h3 Rgd5 30. b4 Rb5 31. a4 Re5 32. Qxe5 Rxe5 33. Rxe5 Qd7 34. b5 1-0

[Event "St Petersburg White Nights op"]
[Site "St Petersburg"]
[Date "2010.06.23"]
[Round "8"]
[White "Orlov, Vassily"]
[Black "Pischikov, Vadim"]
[Result "1-0"]
[WhiteElo "2455"]
[BlackElo "2040"]
[PlyCount "47"]
[EventDate "2010.06.16"]
[EventType "swiss"]
[EventRounds "9"]
[EventCountry "RUS"]
[SourceTitle "EXT 2011"]
[Source "ChessBase"]
[SourceDate "2010.11.26"]
[SourceVersion "1"]
[SourceVersionDate "2010.11.26"]
[SourceQuality "1"]

1. e4 d6 2. d4 Nf6 3. Nc3 g6 4. h3 Bg7 5. Be3 c6 6. a4 a5 7. g4 h5 8. g5 Nh7 9. f4 e5 10. dxe5 dxe5 11. Qxd8+ Kxd8 12. Bc4 Be6 13. Bxe6 fxe6 14. Nge2 Nd7 15. Rf1 Ke7 16. 0-0-0 Rhd8 17. h4 Kf7 18. f5 exf5 19. exf5 gxf5 20. Rxf5+ Ke6 21. Ng3 Rf8 22. Rxf8 Rxf8 23. Nxh5 Bh8 24. Ne4 1-0

[Event "St Petersburg White Nights op"]
[Site "St Petersburg"]
[Date "2010.06.19"]
[Round "4"]
[White "Churkin, Vitaly"]
[Black "Orlov, Vassily"]
[Result "1/2-1/2"]
[WhiteElo "2325"]
[BlackElo "2455"]
[PlyCount "81"]
[EventDate "2010.06.16"]
[EventType "swiss"]
[EventRounds "9"]
[EventCountry "RUS"]
[SourceTitle "EXT 2011"]
[Source "ChessBase"]
[SourceDate "2010.11.26"]
[SourceVersion "1"]
[SourceVersionDate "2010.11.26"]
[SourceQuality "1"]

1. d4 Nf6 2. c4 e6 3. Nf3 d5 4. Nc3 Nbd7 5. cxd5 exd5 6. Bg5 Bb4 7. e3 c5 8. Be2 Qa5 9. 0-0 Bxc3 10. bxc3 c4 11. Nd2 0-0 12. Qc2 Re8 13. f3 h6 14. Bxf6 Rxe3 15. Bxg7 Kxg7 16. Nb1 Nf6 17. Kf2 Re7 18. Re1 Qc7 19. Kg1 Qf4 20. Qd2 Qxd2 21. Nxd2 Bf5 22. Bf1 Rae8 23. Kf2 Re6 24. Rxe6 Rxe6 25. g4 Bh7 26. Be2 Rb6 27. Ke3 Rb2 28. a4 b6 29. Bd1 a6 30. h4 b5 31. axb5 axb5 32. Nf1 Ne8 33. Ng3 b4 34. cxb4 c3 35. Rc1 c2 36. Be2 Rb1 37. Kd2 Rxb4 38. Nh5+ Kf8 39. Nf4 Nd6 40. Nd3 Rxd4 41. Kc3 1/2-1/2

[Event "St Petersburg White Nights op"]
[Site "St Petersburg"]
[Date "2010.06.18"]
[Round "3"]
[White "Orlov, Vassily"]
[Black "Donskov, Anatoly"]
[Result "1/2-1/2"]
[WhiteElo "2455"]
[BlackElo "2235"]
[PlyCount "112"]
[EventDate "2010.06.16"]
[EventType "swiss"]
[EventRounds "9"]
[EventCountry "RUS"]
[SourceTitle "EXT 2011"]
[Source "ChessBase"]
[SourceDate "2010.11.26"]
[SourceVersion "1"]
[SourceVersionDate "2010.11.26"]
[SourceQuality "1"]

1. e4 c5 2. Nf3 Nc6 3. d4 cxd4 4. Nxd4 Nf6 5. Nc3 d6 6. Bc4 e6 7. 0-0 Be7 8. Be3 0-0 9. Bb3 a6 10. f4 Na5 11. Qf3 Qc7 12. f5 Nxb3 13. cxb3 exf5 14. Nxf5 Bxf5 15. Qxf5 Qc8 16. Qf3 Qe6 17. Bd4 Rac8 18. Rae1 Nd7 19. Nd5 Ne5 20. Qg3 Ng6 21. Nf4 Qd7 22. Nxg6 fxg6 23. Rxf8+ Bxf8 24. Qd3 Qe6 25. Bc3 Rd8 26. Qd5 Qxd5 27. exd5 Rd7 28. Re8 Kf7 29. Rb8 Be7 30. Kf2 h5 31. Kf3 Bd8 32. a4 g5 33. h3 h4 34. a5 Kg6 35. b4 Rf7+ 36. Ke2 Re7+ 37. Kd3 Rd7 38. Bd4 Kf5 39. Bxg7 Kf4 40. Bd4 Kg3 41. Ke4 Kxg2 42. Kf5 Kxh3 43. Ke6 Re7+ 44. Kxd6 Bc7+ 45. Kxe7 Bxb8 46. d6 Bxd6+ 47. Kxd6 Kg2 48. Kc7 h3 49. Be5 g4 50. b5 g3 51. Kxb7 h2 52. bxa6 h1Q 53. a7 Kf1+ 54. Kb8 g2 55. a8Q g1Q 56. Qa6+ Kg2 1/2-1/2

[Event "St Petersburg White Nights op"]
[Site "St Petersburg"]
[Date "2010.06.16"]
[Round "1"]
[White "Orlov, Vassily"]
[Black "Menovshchikov, Mark"]
[Result "1-0"]
[WhiteElo "2455"]
[BlackElo "1973"]
[PlyCount "39"]
[EventDate "2010.06.16"]
[EventType "swiss"]
[EventRounds "9"]
[EventCountry "RUS"]
[SourceTitle "EXT 2011"]
[Source "ChessBase"]
[SourceDate "2010.11.26"]
[SourceVersion "1"]
[SourceVersionDate "2010.11.26"]
[SourceQuality "1"]

1. e4 e5 2. d4 exd4 3. Qxd4 Nc6 4. Qe3 Nf6 5. Bd2 g6 6. Nc3 Bg7 7. e5 Ng4 8. Qg3 Ngxe5 9. f4 Nd4 10. fxe5 Nxc2+ 11. Kd1 Nxa1 12. Bg5 f6 13. exf6 Bxf6 14. Ne4 Bxg5 15. Qe5+ Be7 16. Qxh8+ Bf8 17. Nf3 Qe7 18. Bd3 c6 19. Nf6+ Kd8 20. Nxh7 1-0

[Event "St Petersburg June op"]
[Site "St Petersburg"]
[Date "2008.06.29"]
[Round "9"]
[White "Chehlov, Aleksander"]
[Black "Orlov, Vassily"]
[Result "0-1"]
[WhiteElo "2232"]
[BlackElo "2465"]
[PlyCount "74"]
[EventDate "2008.06.21"]
[EventType "swiss"]
[EventRounds "9"]
[EventCountry "RUS"]
[SourceTitle "CBM 125 Extra"]
[Source "ChessBase"]
[SourceDate "2008.09.01"]
[SourceVersion "1"]
[SourceVersionDate "2008.09.01"]
[SourceQuality "1"]

1. e4 e5 2. f4 exf4 3. Nf3 d6 4. d4 g5 5. h4 g4 6. Ng1 Bh6 7. Nc3 Nc6 8. Qd3 Be6 9. Nge2 Qf6 10. Nd5 Bxd5 11. exd5 Nce7 12. Qb5+ Kf8 13. Qxb7 Re8 14. Bd2 f3 15. 0-0-0 Nf5 16. gxf3 gxf3 17. Nc3 Bxd2+ 18. Rxd2 Ng3 19. Rg1 Qf4 20. Bb5 f2 21. Rgd1 f1Q 22. Bxf1 Nxf1 23. Rxf1 Qxf1+ 24. Rd1 Qf4+ 25. Kb1 Nf6 26. a4 Qxh4 27. Ka2 Qf4 28. Qxc7 h5 29. Nb5 Nxd5 30. Qd7 Rh6 31. c4 Qf3 32. Rc1 Nb4+ 33. Ka1 Qb3 34. Nc3 Re2 35. Qd8+ Kg7 36. Rg1+ Rg6 37. Rxg6+ fxg6 0-1

[Event "St Petersburg June op"]
[Site "St Petersburg"]
[Date "2008.06.25"]
[Round "5"]
[White "Abramov, Valentin"]
[Black "Orlov, Vassily"]
[Result "1/2-1/2"]
[WhiteElo "2321"]
[BlackElo "2465"]
[PlyCount "58"]
[EventDate "2008.06.21"]
[EventType "swiss"]
[EventRounds "9"]
[EventCountry "RUS"]
[SourceTitle "CBM 125 Extra"]
[Source "ChessBase"]
[SourceDate "2008.09.01"]
[SourceVersion "1"]
[SourceVersionDate "2008.09.01"]
[SourceQuality "1"]

1. d4 Nf6 2. Bg5 Ne4 3. Bh4 c5 4. f3 g5 5. fxe4 gxh4 6. e3 Bh6 7. Kf2 cxd4 8. exd4 e5 9. Nf3 Nc6 10. c3 d6 11. Bb5 Qb6 12. Na3 0-0 13. Qb3 exd4 14. Bxc6 Qxb3 15. axb3 bxc6 16. Nxd4 f5 17. exf5 Bxf5 18. Rhe1 Bd7+ 19. Kg1 c5 20. Ndb5 Rf6 21. Rad1 Bf8 22. Rf1 Rg6 23. Nc7 Bc6 24. Nd5 Re8 25. Rf2 Re5 26. Nf4 Rf6 27. Nc4 Ref5 28. Rdf1 Rg5 29. Ne6 Rxe6 1/2-1/2

[Event "St Petersburg June op"]
[Site "St Petersburg"]
[Date "2008.06.22"]
[Round "2"]
[White "Orlov, Vassily"]
[Black "Kazakevich, Grigoriy"]
[Result "1-0"]
[WhiteElo "2465"]
[BlackElo "2155"]
[PlyCount "51"]
[EventDate "2008.06.21"]
[EventType "swiss"]
[EventRounds "9"]
[EventCountry "RUS"]
[SourceTitle "CBM 125 Extra"]
[Source "ChessBase"]
[SourceDate "2008.09.01"]
[SourceVersion "1"]
[SourceVersionDate "2008.09.01"]
[SourceQuality "1"]

1. e4 g6 2. d4 Bg7 3. Nc3 d6 4. g3 Nd7 5. Bg2 Ngf6 6. Nge2 0-0 7. 0-0 e5 8. h3 c6 9. a4 a5 10. Be3 Qe7 11. Re1 Re8 12. Qd2 Ra6 13. f4 exd4 14. Nxd4 Nf8 15. Rad1 N6d7 16. Nb3 Nc5 17. Nxc5 dxc5 18. e5 Ne6 19. Ne4 Rd8 20. Qf2 b6 21. Nd6 Qc7 22. Qf3 Bd7 23. f5 Bxe5 24. Nxf7 Kxf7 25. fxe6+ Kxe6 26. Bg5 1-0

[Event "St Petersburg op"]
[Site "St Petersburg"]
[Date "2007.11.02"]
[Round "7"]
[White "Orlov, Vassily"]
[Black "Bodnaruk, Anastasia"]
[Result "1-0"]
[WhiteElo "2461"]
[BlackElo "2331"]
[PlyCount "113"]
[EventDate "2007.10.27"]
[EventType "swiss"]
[EventRounds "9"]
[EventCountry "RUS"]
[SourceTitle "CBM 121 Extra"]
[Source "ChessBase"]
[SourceDate "2008.01.10"]
[SourceVersion "1"]
[SourceVersionDate "2008.01.10"]
[SourceQuality "1"]

1. e4 c5 2. Nf3 Nc6 3. d4 cxd4 4. Nxd4 e5 5. Nb5 d6 6. N5c3 f5 7. Bc4 Nf6 8. Bg5 Be7 9. Bxf6 Bxf6 10. Nd5 Be6 11. Nbc3 Nd4 12. exf5 Bxf5 13. Ne3 Bg6 14. 0-0 Qd7 15. Bd5 0-0-0 16. Ne4 Be7 17. c3 Ne6 18. Nd2 Kb8 19. c4 h5 20. Be4 Bxe4 21. Nxe4 Nd4 22. Qd3 g5 23. Rad1 g4 24. Nc2 Ne6 25. Nc3 Nf4 26. Qe4 Qe6 27. Nd5 Bg5 28. Nxf4 Bxf4 29. Rd3 h4 30. Rfd1 Rh6 31. Nb4 Qc8 32. c5 g3 33. cxd6 gxh2+ 34. Kh1 Rhxd6 35. Nc6+ Qxc6 36. Qxc6 Rxd3 37. Rxd3 Rxd3 38. Qe8+ Kc7 39. Qf7+ Rd7 40. Qc4+ Kd8 41. g3 hxg3 42. fxg3 Be3 43. Kxh2 Bd4 44. Qe2 Rf7 45. Kg2 Ke7 46. b4 Ke6 47. Qc4+ Ke7 48. Qd5 Kf8 49. g4 b6 50. b5 Kg7 51. Kg3 Kg6 52. Qe6+ Kg7 53. g5 Rf2 54. Qh6+ Kg8 55. g6 e4 56. Qh7+ Kf8 57. g7+ 1-0

[Event "St Petersburg op"]
[Site "St Petersburg"]
[Date "2007.10.31"]
[Round "5"]
[White "Orlov, Vassily"]
[Black "Goganov, Aleksey"]
[Result "1/2-1/2"]
[WhiteElo "2461"]
[BlackElo "2299"]
[PlyCount "79"]
[EventDate "2007.10.27"]
[EventType "swiss"]
[EventRounds "9"]
[EventCountry "RUS"]
[SourceTitle "CBM 121 Extra"]
[Source "ChessBase"]
[SourceDate "2008.01.10"]
[SourceVersion "1"]
[SourceVersionDate "2008.01.10"]
[SourceQuality "1"]

1. e4 e6 2. d4 d5 3. Nc3 Bb4 4. e5 c5 5. a3 Bxc3+ 6. bxc3 Ne7 7. Qg4 0-0 8. Bd3 Nbc6 9. Qh5 Ng6 10. Nf3 Qc7 11. Be3 c4 12. Bxg6 fxg6 13. Qh3 h6 14. Ng1 Qf7 15. g4 Bd7 16. Qg2 b5 17. h4 Ne7 18. h5 gxh5 19. Rxh5 Ng6 20. Qg3 Ne7 21. Qh2 Qg6 22. f3 a5 23. Rb1 Ra7 24. Qe2 b4 25. axb4 axb4 26. cxb4 Ra2 27. Rh2 Ba4 28. Rc1 Nc6 29. Qd2 Na7 30. Bxh6 Nb5 31. Rh5 Bxc2 32. Bxg7 c3 33. Qe3 Qxg7 34. Rxc2 Rxc2 35. Rg5 Ra8 36. Rxg7+ Kxg7 37. Qg5+ Kh7 38. Qe7+ Kh8 39. Qf6+ Kh7 40. Qf7+ 1/2-1/2

[Event "St Petersburg White Nights op"]
[Site "St Petersburg"]
[Date "2007.06.28"]
[Round "4"]
[White "Orlov, Vassily"]
[Black "Chehlov, Aleksander"]
[Result "1-0"]
[WhiteElo "2444"]
[BlackElo "2208"]
[PlyCount "55"]
[EventDate "2007.06.25"]
[EventType "swiss"]
[EventRounds "9"]
[EventCountry "RUS"]
[SourceTitle "CBM 119 Extra"]
[Source "ChessBase"]
[SourceDate "2007.09.04"]
[SourceVersion "1"]
[SourceVersionDate "2007.09.04"]
[SourceQuality "1"]

1. e4 c5 2. Nf3 d6 3. d4 cxd4 4. Nxd4 Nf6 5. Nc3 a6 6. Bc4 e6 7. Bb3 b5 8. 0-0 Qc7 9. Re1 Be7 10. a3 0-0 11. Qf3 Qb7 12. Qg3 Kh8 13. f4 Nc6 14. Nf3 Bd7 15. e5 Ne8 16. Be3 Rc8 17. Rad1 Na5 18. Bd4 Nc6 19. exd6 Bxd6 20. Bxg7+ Nxg7 21. Rxd6 Nf5 22. Qh3 Rg8 23. Rd2 Rg7 24. Ne4 Nce7 25. Ne5 Bc6 26. Ng5 Nd5 27. Nxc6 Qxc6 28. Bxd5 1-0

[Event "St Petersburg White Nights op"]
[Site "St Petersburg"]
[Date "2006.06.26"]
[Round "4"]
[White "Orlov, Vassily"]
[Black "Egorov, Dmitry Petrovich"]
[Result "1-0"]
[WhiteElo "2450"]
[BlackElo "2215"]
[PlyCount "35"]
[EventDate "2006.06.23"]
[EventType "swiss"]
[EventRounds "9"]
[EventCountry "RUS"]
[SourceTitle "CBM 112 Extra"]
[Source "ChessBase"]
[SourceDate "2006.07.14"]
[SourceVersion "1"]
[SourceVersionDate "2006.07.14"]
[SourceQuality "1"]

1. e4 e5 2. d4 exd4 3. Qxd4 Nc6 4. Qe3 Bb4+ 5. Bd2 Nf6 6. Nc3 0-0 7. 0-0-0 Re8 8. Bc4 d6 9. Nh3 Bc5 10. Qg3 Ne5 11. Be2 Ng6 12. Ng5 h6 13. h4 hxg5 14. Bxg5 Qe7 15. h5 Nxe4 16. Nxe4 Qxe4 17. hxg6 Qxe2 18. Rh8+ 1-0

[Event "St Petersburg White Nights op"]
[Site "St Petersburg"]
[Date "2006.06.24"]
[Round "2"]
[White "Orlov, Vassily"]
[Black "Karalkin, Maksim"]
[Result "1-0"]
[WhiteElo "2450"]
[BlackElo "2228"]
[PlyCount "63"]
[EventDate "2006.06.23"]
[EventType "swiss"]
[EventRounds "9"]
[EventCountry "RUS"]
[SourceTitle "CBM 112 Extra"]
[Source "ChessBase"]
[SourceDate "2006.07.14"]
[SourceVersion "1"]
[SourceVersionDate "2006.07.14"]
[SourceQuality "1"]

1. e4 e5 2. Nf3 Nc6 3. Bb5 a6 4. Ba4 Nf6 5. Qe2 b5 6. Bb3 Bc5 7. c3 0-0 8. d3 h6 9. Nbd2 Re8 10. h3 d5 11. g4 dxe4 12. Nxe4 Nxe4 13. Qxe4 Bb7 14. Bxh6 Nb4 15. Qxb7 Nxd3+ 16. Kf1 Nxf2 17. Qc6 Qd3+ 18. Kg2 Nxh1 19. Rd1 Qe2+ 20. Kxh1 Bd6 21. Re1 Qd3 22. Be3 Rad8 23. Ng5 Re7 24. Qf3 Qg6 25. Bd5 e4 26. Bxe4 Qf6 27. Bh7+ Kh8 28. Bf5 Rde8 29. Ne4 Rxe4 30. Bxe4 Qe5 31. Bg1 Re6 32. Qf5 1-0

[Event "St Petersburg-ch"]
[Site "St Petersburg"]
[Date "2006.06.13"]
[Round "11"]
[White "Anisimov, Pavel"]
[Black "Orlov, Vassily"]
[Result "1-0"]
[WhiteElo "2500"]
[BlackElo "2450"]
[PlyCount "69"]
[EventDate "2006.06.03"]
[EventType "tourn"]
[EventRounds "11"]
[EventCountry "RUS"]
[EventCategory "11"]
[SourceTitle "CBM 112 Extra"]
[Source "ChessBase"]
[SourceDate "2006.07.14"]
[SourceVersion "1"]
[SourceVersionDate "2006.07.14"]
[SourceQuality "1"]

1. e4 e5 2. Nf3 Nc6 3. Bb5 a6 4. Ba4 Nf6 5. 0-0 b5 6. Bb3 Bb7 7. Re1 Bc5 8. c3 d6 9. d4 Bb6 10. Be3 0-0 11. d5 Ne7 12. c4 bxc4 13. Bxc4 Ng4 14. Bxb6 cxb6 15. Nc3 Ng6 16. h3 Nh6 17. Qd2 b5 18. Bb3 f5 19. Ng5 Nf4 20. Ne6 Qh4 21. Nxf4 exf4 22. e5 f3 23. Qe3 dxe5 24. Qxf3 e4 25. Qe3 Rad8 26. Ne2 Nf7 27. Nf4 Rfe8 28. Rac1 Rd7 29. Ne6 Bxd5 30. g3 Qxh3 31. Bxd5 Rxd5 32. Nf4 Qg4 33. Nxd5 Ne5 34. Kg2 g5 35. Nf6+ 1-0

[Event "Mazars op"]
[Site "Almelo"]
[Date "2006.04.14"]
[Round "3"]
[White "Kabatianski, Alexander"]
[Black "Orlov, Vassily"]
[Result "0-1"]
[WhiteElo "2436"]
[BlackElo "2445"]
[PlyCount "90"]
[EventDate "2006.04.14"]
[EventType "swiss"]
[EventRounds "5"]
[EventCountry "NED"]
[SourceTitle "EXT 2007"]
[Source "ChessBase"]
[SourceDate "2006.11.23"]
[SourceVersion "1"]
[SourceVersionDate "2006.11.23"]
[SourceQuality "1"]

1. d4 d6 2. c4 g6 3. Nf3 Bg7 4. Nc3 Nc6 5. d5 Nb8 6. e4 Nf6 7. Be2 0-0 8. 0-0 Bg4 9. Be3 c5 10. Qd2 Nbd7 11. h3 Bxf3 12. Bxf3 a6 13. Be2 Rb8 14. a4 Qa5 15. f4 Ne8 16. Kh1 Nc7 17. Qc2 Rfe8 18. Bd2 Qb6 19. Bd3 Qa7 20. Rae1 b6 21. Qd1 Qb7 22. Qf3 e6 23. g4 b5 24. cxb5 exd5 25. Nxd5 Nxd5 26. exd5 axb5 27. Bxb5 Bxb2 28. Rb1 Bd4 29. a5 Qxb5 30. Rxb5 Rxb5 31. Qa3 Reb8 32. Re1 Rb3 33. Qa4 Nf6 34. a6 Rxh3+ 35. Kg2 Rbb3 36. Be3 Rbxe3 37. Rxe3 Rxe3 38. a7 Nxg4 39. a8Q+ Kg7 40. Qd7 h5 41. Qdd8 Re2+ 42. Kf1 Rf2+ 43. Ke1 Bc3+ 44. Kd1 Ne3+ 45. Kc1 Rf1# 0-1

[Event "St Petersburg Autumn op"]
[Site "St Petersburg"]
[Date "2005.11.06"]
[Round "9"]
[White "Orlov, Vassily"]
[Black "Karasev, Vladimir I"]
[Result "1-0"]
[WhiteElo "2437"]
[BlackElo "2383"]
[PlyCount "83"]
[EventDate "2005.10.29"]
[EventType "swiss"]
[EventRounds "9"]
[EventCountry "RUS"]
[SourceTitle "EXT 2006"]
[Source "ChessBase"]
[SourceDate "2005.11.24"]
[SourceVersion "1"]
[SourceVersionDate "2005.11.24"]
[SourceQuality "1"]

1. e4 c5 2. Nf3 d6 3. d4 cxd4 4. Nxd4 Nf6 5. Nc3 Nc6 6. Be2 e5 7. Nf3 Be7 8. Bg5 Be6 9. 0-0 0-0 10. Bxf6 Bxf6 11. Nd5 Nd4 12. Nxf6+ Qxf6 13. Nxd4 exd4 14. Bf3 Rac8 15. Re1 Rc5 16. Re2 Rfc8 17. Rd2 h6 18. Rc1 Bxa2 19. Rxd4 Rxc2 20. Rxc2 Rxc2 21. e5 Qf5 22. exd6 Be6 23. d7 Bxd7 24. Rxd7 Rxb2 25. Rxb7 Rxb7 26. Bxb7 a5 27. Bc6 Qf6 28. Ba4 g6 29. g3 h5 30. h4 Kg7 31. Kg2 Qe5 32. Bb3 Qe7 33. Qd4+ Kf8 34. Qc4 Qb7+ 35. Kf1 Qf3 36. Qd5 Qxd5 37. Bxd5 a4 38. Ke2 Ke7 39. Kd3 a3 40. Kc3 f6 41. Kb3 g5 42. Kxa3 1-0

[Event "St Petersburg Autumn op"]
[Site "St Petersburg"]
[Date "2005.10.30"]
[Round "2"]
[White "Yerastov, Alexey"]
[Black "Orlov, Vassily"]
[Result "1/2-1/2"]
[WhiteElo "2268"]
[BlackElo "2437"]
[PlyCount "52"]
[EventDate "2005.10.29"]
[EventType "swiss"]
[EventRounds "9"]
[EventCountry "RUS"]
[SourceTitle "EXT 2006"]
[Source "ChessBase"]
[SourceDate "2005.11.24"]
[SourceVersion "1"]
[SourceVersionDate "2005.11.24"]
[SourceQuality "1"]

1. b3 e5 2. Bb2 Nc6 3. e3 g6 4. f4 Bg7 5. Nf3 d6 6. Bb5 Nge7 7. 0-0 0-0 8. fxe5 Nxe5 9. Nxe5 dxe5 10. Bc4 Nf5 11. e4 Nd6 12. Bd3 f5 13. Nc3 Be6 14. Qe2 Qg5 15. Ba3 Rad8 16. Bxd6 Rxd6 17. Bc4 Bxc4 18. Qxc4+ Kh8 19. Rad1 Rxd2 20. Rxd2 Qxd2 21. Qxc7 Qxc2 22. h3 a6 23. Rd1 f4 24. Rd8 h5 25. Rxf8+ Bxf8 26. Qb8 Qxc3 1/2-1/2

[Event "St Petersburg Autumn op"]
[Site "St Petersburg"]
[Date "2005.10.29"]
[Round "1"]
[White "Orlov, Vassily"]
[Black "Kuzmin, Yuri"]
[Result "1-0"]
[WhiteElo "2437"]
[BlackElo "2031"]
[PlyCount "47"]
[EventDate "2005.10.29"]
[EventType "swiss"]
[EventRounds "9"]
[EventCountry "RUS"]
[SourceTitle "EXT 2006"]
[Source "ChessBase"]
[SourceDate "2005.11.24"]
[SourceVersion "1"]
[SourceVersionDate "2005.11.24"]
[SourceQuality "1"]

1. e4 c5 2. Nf3 d6 3. d4 cxd4 4. Nxd4 Nf6 5. Nc3 a6 6. f4 e5 7. Nf3 exf4 8. Bxf4 Be7 9. Qd2 b5 10. 0-0-0 Bb7 11. Bxd6 Qxd6 12. Qxd6 Bxd6 13. Rxd6 Nxe4 14. Nxe4 Bxe4 15. Bd3 f5 16. Bxe4 fxe4 17. Re1 0-0 18. Rxe4 Ra7 19. Ree6 Rc7 20. Ne5 Rfc8 21. c3 Kf8 22. Kc2 Re7 23. Rxe7 Kxe7 24. Rb6 1-0

[Event "Chigorin Memorial 13th"]
[Site "St Petersburg"]
[Date "2005.10.23"]
[Round "9"]
[White "Loginov, Valery A"]
[Black "Orlov, Vassily"]
[Result "1/2-1/2"]
[WhiteElo "2527"]
[BlackElo "2437"]
[PlyCount "82"]
[EventDate "2005.10.15"]
[EventType "swiss"]
[EventRounds "9"]
[EventCountry "RUS"]
[SourceTitle "CBM 108 Extra"]
[Source "ChessBase"]
[SourceDate "2005.11.04"]
[SourceVersion "1"]
[SourceVersionDate "2005.11.04"]
[SourceQuality "1"]

1. Nf3 d5 2. g3 g6 3. Bg2 Bg7 4. d4 Nf6 5. c4 0-0 6. cxd5 Nxd5 7. 0-0 Nb6 8. Nc3 Nc6 9. e3 Re8 10. Nd2 e5 11. d5 Ne7 12. e4 c6 13. Nb3 cxd5 14. exd5 Nf5 15. Re1 Nc4 16. a4 Bd7 17. Ne4 Nfd6 18. Nbc5 Nxe4 19. Nxe4 Bf5 20. Bf1 Nd6 21. f3 Bxe4 22. fxe4 Rc8 23. a5 a6 24. Qa4 f5 25. exf5 Nxf5 26. Bg2 Bf8 27. Kh1 Bc5 28. Bd2 Bd4 29. Qb3 Nd6 30. Bh3 Nc4 31. Bc3 Bxc3 32. bxc3 Qxd5+ 33. Bg2 e4 34. Rad1 Qxa5 35. Qxb7 Rc7 36. Qb3 Qb5 37. Qxb5 axb5 38. Rxe4 Rxe4 39. Bxe4 Nb2 40. Rd5 Na4 41. Rxb5 Nxc3 1/2-1/2

[Event "Chigorin Memorial 13th"]
[Site "St Petersburg"]
[Date "2005.10.18"]
[Round "4"]
[White "Orlov, Vassily"]
[Black "Van Buitenen, Herbert"]
[Result "1-0"]
[WhiteElo "2437"]
[BlackElo "2213"]
[PlyCount "45"]
[EventDate "2005.10.15"]
[EventType "swiss"]
[EventRounds "9"]
[EventCountry "RUS"]
[SourceTitle "CBM 108 Extra"]
[Source "ChessBase"]
[SourceDate "2005.11.04"]
[SourceVersion "1"]
[SourceVersionDate "2005.11.04"]
[SourceQuality "1"]

1. e4 c5 2. Nf3 d6 3. d4 cxd4 4. Nxd4 Nf6 5. Nc3 a6 6. f4 e6 7. Bd3 b5 8. a3 Bb7 9. 0-0 Nbd7 10. Kh1 Be7 11. Qf3 Rc8 12. Bd2 0-0 13. Rae1 Nb6 14. Qh3 e5 15. fxe5 dxe5 16. Nf5 Nc4 17. Bh6 Ne8 18. Nd5 Rc7 19. Nxc7 Qxc7 20. Nxg7 Nxg7 21. Qg4 Bg5 22. Qxg5 f6 23. Rxf6 1-0

[Event "St Petersburg White Nights op"]
[Site "St Petersburg"]
[Date "2005.06.19"]
[Round "2"]
[White "Orlov, Vassily"]
[Black "Barhudarian, Rafael"]
[Result "1-0"]
[WhiteElo "2430"]
[BlackElo "2099"]
[PlyCount "47"]
[EventDate "2005.06.18"]
[EventType "swiss"]
[EventRounds "9"]
[EventCountry "RUS"]
[SourceTitle "CBM 106 Extra"]
[Source "ChessBase"]
[SourceDate "2005.07.01"]
[SourceVersion "1"]
[SourceVersionDate "2005.07.01"]
[SourceQuality "1"]

1. e4 c5 2. Nf3 g6 3. d4 Bg7 4. Nc3 cxd4 5. Nxd4 Nc6 6. Nde2 d6 7. h3 Bd7 8. g3 Qc8 9. Bg2 Nf6 10. Be3 h5 11. b3 h4 12. g4 Nxg4 13. hxg4 Bxg4 14. f3 h3 15. fxg4 Qxg4 16. Qd2 hxg2 17. Rxh8+ Bxh8 18. 0-0-0 Rc8 19. Rg1 Ne5 20. Nd4 Rxc3 21. Qxc3 Nf3 22. Rxg2 Nxd4 23. Kb2 Qh3 24. Rh2 1-0

[Event "St Petersburg Chigorin CC-ch"]
[Site "St Petersburg"]
[Date "2005.05.24"]
[Round "8"]
[White "Orlov, Vassily"]
[Black "Yerastov, Alexey"]
[Result "1/2-1/2"]
[WhiteElo "2430"]
[BlackElo "2229"]
[PlyCount "110"]
[EventDate "2005.05.16"]
[EventType "swiss"]
[EventRounds "9"]
[EventCountry "RUS"]
[SourceTitle "EXT 2006"]
[Source "ChessBase"]
[SourceDate "2005.11.24"]
[SourceVersion "1"]
[SourceVersionDate "2005.11.24"]
[SourceQuality "1"]

1. e4 c5 2. Nf3 Nf6 3. Nc3 Nc6 4. d4 d5 5. exd5 Nxd5 6. Nxd5 Qxd5 7. Be3 cxd4 8. Nxd4 a6 9. Be2 e5 10. Nxc6 Qxc6 11. 0-0 Be7 12. Qd3 e4 13. Qc4 Bd7 14. Qxc6 Bxc6 15. f3 exf3 16. Bxf3 Bxf3 17. gxf3 Rc8 18. c3 0-0 19. Rad1 Rfd8 20. Bb6 Rd6 21. Rxd6 Bxd6 22. Rd1 Rc6 23. Bf2 g5 24. Rd5 h6 25. c4 Kg7 26. c5 Bf4 27. b4 Kf6 28. a4 Ke6 29. Rd8 Bc7 30. Ra8 Be5 31. Re8+ Kf6 32. b5 axb5 33. axb5 Re6 34. Rc8 h5 35. c6 bxc6 36. b6 Re7 37. Rxc6+ Kf5 38. Rc5 Ke6 39. Rb5 Rb7 40. Kg2 f6 41. Bg3 Bd6 42. h4 gxh4 43. Bxd6 Kxd6 44. Kh3 Kc6 45. Rf5 Kxb6 46. Rxf6+ Kc5 47. Kxh4 Kd4 48. Rf5 Ke3 49. Kxh5 Rg7 50. Rf8 Rg3 51. f4 Ke4 52. f5 Ke5 53. f6 Kf5 54. Kh4 Rg6 55. f7 Kf6 1/2-1/2